[Event "European Team Championship 2015"]
[Site "Reykjavik ISL"]
[Date "2015.11.16"]
[Round "4"]
[White "Sargissian, Gabriel"]
[Black "Howell, David W L"]
[Result "1-0"]
[WhiteElo "2689"]
[BlackElo "2693"]
[PlyCount "143"]
[EventDate "2015.11.13"]
[WhiteTeam "Armenia"]
[BlackTeam "England"]

1. Nf3 Nf6 2. c4 g6 3. Nc3 d5 4. cxd5 Nxd5 5. h4 Bg7 6. h5 Nc6 7. g3 e5 8. h6
Bf6 9. Bg2 O-O 10. O-O Re8 11. Ne4 Be7 12. d3 Bg4 13. Re1 Bxf3 14. Bxf3 Nd4 15.
Bg2 c6 16. Bd2 a5 17. Rc1 Qb6 18. Nc3 Nf6 19. Na4 Qa7 20. e3 Ne6 21. Qb3 Bf8
22. Qb6 Bxh6 23. Qxa7 Rxa7 24. Nb6 Bf8 25. Nc4 Nc5 26. Nxe5 Rxe5 27. d4 Rf5 28.
dxc5 Bxc5 29. Red1 Bb4 30. e4 Bxd2 31. Rxd2 Re5 32. f4 Re7 33. e5 Ne8 34. Rcd1
f6 35. Rd7 Kf7 36. Bh3 f5 37. Bf1 b5 38. Rd8 Nc7 39. R1d6 Ne6 40. Rh8 Kg7 41.
Rc8 Nc5 42. Bg2 Rac7 43. Rxc6 Rxc6 44. Bxc6 b4 45. b3 Ne6 46. Bd5 g5 47. Bxe6
Rxe6 48. Kf2 h5 49. Rc7+ Kg6 50. Ke3 h4 51. gxh4 gxh4 52. Kf3 Ra6 53. Rc4 Kh5
54. Rc8 a4 55. Rf8 Kg6 56. Kg2 a3 57. Kh3 Rc6 58. Kxh4 Rc2 59. Rf6+ Kg7 60. Kg5
Rxa2 61. Ra6 Rb2 62. Ra7+ Kg8 63. Kg6 Kf8 64. Kf6 Kg8 65. e6 Rxb3 66. e7 Re3
67. Ra4 Kh7 68. Rxb4 Kh6 69. Rb8 Kh5 70. e8=Q+ Rxe8 71. Rxe8 Kg4 72. Ke5 1-0

[Event "European Team Championship 2015"]
[Site "Reykjavik ISL"]
[Date "2015.11.19"]
[Round "6"]
[White "Meier, Georg"]
[Black "Sargissian, Gabriel"]
[Result "1/2-1/2"]
[WhiteElo "2654"]
[BlackElo "2689"]
[PlyCount "214"]
[EventDate "2015.11.13"]
[WhiteTeam "Germany"]
[BlackTeam "Armenia"]

1. c4 Nf6 2. Nf3 c5 3. g3 b6 4. Bg2 Bb7 5. O-O e6 6. Nc3 Be7 7. d4 cxd4 8. Qxd4
O-O 9. Rd1 d6 10. Bg5 Nc6 11. Qd2 Qb8 12. Rac1 Rd8 13. h3 h6 14. Be3 Ne5 15.
Nxe5 dxe5 16. Qc2 Bxg2 17. Kxg2 Qb7+ 18. f3 Rac8 19. b3 Rxd1 20. Qxd1 a6 21.
Qd3 Rd8 22. Qc2 b5 23. Ne4 Ne8 24. g4 f5 25. Nf2 e4 26. fxe4 Bh4 27. cxb5 Qxb5
28. exf5 Nd6 29. Bf4 exf5 30. gxf5 Re8 31. e4 Nxf5 32. Qc4+ Qxc4 33. Rxc4 Ne7
34. Bc7 Ng6 35. Nd3 Bg5 36. Rc6 Nh4+ 37. Kf2 Rxe4 38. Rxa6 Re3 39. Rd6 Rxh3 40.
a4 Rh2+ 41. Kg3 Rh1 42. Rd7 Rg1+ 43. Kf2 Rg2+ 44. Kf1 Ra2 45. a5 Nf5 46. b4
Ne3+ 47. Kg1 Nc4 48. Kh1 Bd2 49. Rd4 Bxb4 50. Nxb4 Ra1+ 51. Kg2 Nxa5 52. Rd8+
Kf7 53. Rd7+ Ke6 54. Rxg7 Nc4 55. Rg6+ Kf7 56. Rxh6 Ne3+ 57. Kf3 Nf5 58. Rh2
Nd4+ 59. Ke3 Ne6 60. Bd6 Re1+ 61. Kd2 Ra1 62. Rf2+ Ke8 63. Be5 Ra5 64. Re2 Kd7
65. Kd3 Rb5 66. Nc2 Rd5+ 67. Ke4 Rd1 68. Ne3 Nc5+ 69. Kf5 Rh1 70. Bh2 Kc6 71.
Rc2 Kb5 72. Bd6 Nb7 73. Be7 Rh5+ 74. Kf4 Nc5 75. Nf5 Nb7 76. Nd4+ Kb6 77. Rc6+
Ka7 78. Ke4 Na5 79. Rc1 Nb7 80. Rc2 Kb6 81. Rc6+ Ka7 82. Nf5 Rh1 83. Bf6 Na5
84. Bd4+ Kb7 85. Rb6+ Kc7 86. Kd5 Rd1 87. Rb5 Nb7 88. Ne3 Rd2 89. Nc4 Rd1 90.
Rb2 Nd8 91. Rb6 Nb7 92. Rh6 Kb8 93. Rh8+ Kc7 94. Rh7+ Kb8 95. Rd7 Rb1 96. Rg7
Rd1 97. Rd7 Rb1 98. Re7 Rd1 99. Rg7 Kc8 100. Ne5 Nd8 101. Re7 Nb7 102. Nc6 Rd2
103. Rh7 Rd1 104. Kc4 Nd6+ 105. Kc5 Nb7+ 106. Kb6 Rb1+ 107. Ka6 Rd1 1/2-1/2

[Event "European Team Championship 2015"]
[Site "Reykjavik ISL"]
[Date "2015.11.20"]
[Round "7"]
[White "Sargissian, Gabriel"]
[Black "Duda, Jan-Krzysztof"]
[Result "1/2-1/2"]
[WhiteElo "2689"]
[BlackElo "2658"]
[PlyCount "80"]
[EventDate "2015.11.13"]
[WhiteTeam "Armenia"]
[BlackTeam "Poland"]

1. d4 d5 2. c4 c6 3. Nf3 Nf6 4. e3 e6 5. b3 c5 6. cxd5 Nxd5 7. Bb2 cxd4 8. Nxd4
Bb4+ 9. Nd2 O-O 10. a3 Bc3 11. Bxc3 Nxc3 12. Qc2 Nd5 13. Bd3 h6 14. N2f3 Bd7
15. O-O Nc6 16. Qb2 Qf6 17. Rac1 Rfd8 18. Rc2 Rac8 19. Rfc1 Nxd4 20. Qxd4 Rxc2
21. Rxc2 Qxd4 22. Nxd4 Be8 23. Be2 Kf8 24. h4 Ne7 25. Kf1 Rc8 26. Rxc8 Nxc8 27.
f4 Nd6 28. Bf3 Ke7 29. Ke2 f6 30. g4 e5 31. fxe5 fxe5 32. Nf5+ Nxf5 33. gxf5 b6
34. e4 Kd6 35. b4 a5 36. Ke3 Bb5 37. Bh5 axb4 38. axb4 Bc4 39. Be8 Ke7 40. Bh5
Kf6 1/2-1/2

[Event "European Team Championship 2015"]
[Site "Reykjavik ISL"]
[Date "2015.11.22"]
[Round "9"]
[White "Leko, Peter"]
[Black "Svidler, Peter"]
[Result "1/2-1/2"]
[WhiteElo "2708"]
[BlackElo "2745"]
[PlyCount "82"]
[EventDate "2015.11.13"]
[WhiteTeam "Hungrary"]
[BlackTeam "Russia"]

1. e4 e5 2. Nf3 Nc6 3. Bb5 a6 4. Ba4 Nf6 5. O-O Be7 6. Re1 b5 7. Bb3 O-O 8. c3
d5 9. exd5 Nxd5 10. Nxe5 Nxe5 11. Rxe5 c6 12. d3 Bd6 13. Re1 Bf5 14. Qf3 Qh4
15. g3 Qh3 16. Be3 Bxd3 17. Nd2 Qf5 18. Bd4 Rfe8 19. a4 h6 20. Kg2 Qxf3+ 21.
Nxf3 Rac8 22. axb5 axb5 23. Kg1 Bf5 24. Ra6 Rxe1+ 25. Nxe1 Be6 26. Nd3 Bf8 27.
Bc5 Bf5 28. Bxf8 Bxd3 29. Bc5 Re8 30. Kg2 Re2 31. Bxd5 cxd5 32. b4 h5 33. Kf3
f6 34. h4 Re4 35. Ra8+ Kh7 36. Ra7 Kg8 37. Ra8+ Kh7 38. Ra7 Kg8 39. Be3 Bc4 40.
Kg2 Bd3 41. Rd7 Bc4 1/2-1/2

[Event "European Team Championship 2015"]
[Site "Reykjavik ISL"]
[Date "2015.11.22"]
[Round "9"]
[White "Grischuk, Alexander"]
[Black "Rapport, Richard"]
[Result "1/2-1/2"]
[WhiteElo "2750"]
[BlackElo "2693"]
[PlyCount "49"]
[EventDate "2015.11.13"]
[WhiteTeam "Russia"]
[BlackTeam "Hungrary"]

1. e4 c5 2. Nf3 e6 3. d4 cxd4 4. Nxd4 Nc6 5. Nc3 Qc7 6. Be3 a6 7. Qd2 Nf6 8.
O-O-O Be7 9. f4 b5 10. e5 b4 11. Ncb5 axb5 12. Nxb5 Qa5 13. exf6 gxf6 14. Nd6+
Bxd6 15. Qxd6 Qxa2 16. Rd3 Qa5 17. Bc5 Qd8 18. Rh3 Ra1+ 19. Kd2 Ba6 20. Rxh7
Rg8 21. Rg7 Rh8 22. Rh7 Rg8 23. Rg7 Rh8 24. Rh7 Rg8 25. Rg7 1/2-1/2

[Event "European Team Championship 2015"]
[Site "Reykjavik ISL"]
[Date "2015.11.22"]
[Round "9"]
[White "Almasi, Zoltan"]
[Black "Tomashevsky, Evgeny"]
[Result "1/2-1/2"]
[WhiteElo "2689"]
[BlackElo "2743"]
[PlyCount "81"]
[EventDate "2015.11.13"]
[WhiteTeam "Hungrary"]
[BlackTeam "Russia"]

1. e4 e5 2. Nf3 Nc6 3. Bb5 a6 4. Ba4 Nf6 5. O-O Be7 6. Re1 b5 7. Bb3 O-O 8. c3
d5 9. exd5 Nxd5 10. Nxe5 Nxe5 11. Rxe5 c6 12. d3 Bd6 13. Re1 Bf5 14. Qf3 Qh4
15. g3 Qh3 16. Bxd5 cxd5 17. Qxd5 Rad8 18. Qg2 Qxg2+ 19. Kxg2 Bxd3 20. Be3 Rfe8
21. Nd2 b4 22. Rad1 bxc3 23. bxc3 f6 24. Nb3 Bc7 25. Nc5 Bc4 26. a4 Ba5 27.
Rxd8 Rxd8 28. Rb1 Rc8 29. f3 Bxc3 30. Rc1 Bd2 31. Bxd2 Rxc5 32. Be3 Rc6 33. Kf2
Bd5 34. Rxc6 Bxc6 35. a5 Kf7 36. h4 g6 37. Bd4 Ke6 38. Ke3 Bd5 39. Bc3 Bc6 40.
Bd4 Bd5 41. Bc3 1/2-1/2

[Event "European Team Championship 2015"]
[Site "Reykjavik ISL"]
[Date "2015.11.22"]
[Round "9"]
[White "Nepomniachtchi, Ian"]
[Black "Balogh, Csaba"]
[Result "1/2-1/2"]
[WhiteElo "2705"]
[BlackElo "2645"]
[PlyCount "48"]
[EventDate "2015.11.13"]
[WhiteTeam "Russia"]
[BlackTeam "Hungrary"]

1. d4 d5 2. c4 dxc4 3. e3 e6 4. Bxc4 a6 5. Nf3 c5 6. O-O Nf6 7. dxc5 Qxd1 8.
Rxd1 Bxc5 9. b3 b6 10. Bb2 Bb7 11. Be2 Nbd7 12. Nbd2 O-O 13. Rac1 Rac8 14. Nc4
Rfd8 15. Nfe5 h6 16. Nxd7 Rxd7 17. Rxd7 Nxd7 18. Rd1 Bc6 19. a4 Bb4 20. Nd6 Rd8
21. Nc4 Rc8 22. Nd6 Rd8 23. Nc4 Rc8 24. Nd6 Rd8 1/2-1/2

[Event "European Team Championship 2015"]
[Site "Reykjavik ISL"]
[Date "2015.11.22"]
[Round "9"]
[White "Giri, Anish"]
[Black "Vachier-Lagrave, Maxime"]
[Result "1/2-1/2"]
[WhiteElo "2778"]
[BlackElo "2765"]
[PlyCount "60"]
[EventDate "2015.11.13"]
[WhiteTeam "Netherlands"]
[BlackTeam "France"]

1. e4 c5 2. Nf3 d6 3. Bb5+ Nd7 4. a4 Ngf6 5. Nc3 g6 6. a5 Bg7 7. O-O O-O 8. d3
a6 9. Bc4 b5 10. axb6 Nxb6 11. Bb3 Bb7 12. Re1 e6 13. e5 dxe5 14. Nxe5 Nfd5 15.
Na4 Nxa4 16. Bxa4 Nb6 17. Qg4 Qd4 18. Qxd4 cxd4 19. Bc6 Rfb8 20. h3 a5 21. b3
Nd5 22. Bxb7 Rxb7 23. Nc4 Rba7 24. Bd2 a4 25. b4 Rb7 26. Reb1 Rb5 27. Nd6 Rb6
28. Nc4 Rb5 29. Nd6 Rb6 30. Nc4 Rb5 1/2-1/2

[Event "European Team Championship 2015"]
[Site "Reykjavik ISL"]
[Date "2015.11.22"]
[Round "9"]
[White "Fressinet, Laurent"]
[Black "L'Ami, Erwin"]
[Result "1/2-1/2"]
[WhiteElo "2712"]
[BlackElo "2623"]
[PlyCount "150"]
[EventDate "2015.11.13"]
[WhiteTeam "France"]
[BlackTeam "Netherlands"]

1. e4 e5 2. Nf3 Nc6 3. Bc4 Bc5 4. O-O Nf6 5. d3 d6 6. c3 O-O 7. h3 a6 8. Bb3
Ba7 9. Re1 Be6 10. Nbd2 h6 11. Nf1 Re8 12. N3h2 d5 13. Qf3 d4 14. Ng3 Bc5 15.
Nf5 Bf8 16. Ng4 Nxg4 17. hxg4 Bxb3 18. axb3 Re6 19. g3 g6 20. Nh4 Qd7 21. c4
Kg7 22. Kg2 Bb4 23. Rh1 Rh8 24. Qd1 Ree8 25. Rh3 f6 26. f3 Rh7 27. Bd2 Bxd2 28.
Qxd2 a5 29. Rah1 Reh8 30. Kf2 b6 31. f4 Qd6 32. Nf3 g5 33. Rh5 Qe7 34. Ke1 Nd8
35. fxg5 hxg5 36. Qf2 Qf7 37. Rxh7+ Rxh7 38. Rxh7+ Kxh7 39. Nd2 Ne6 40. Qf5+
Kg7 41. Kd1 Kf8 42. Qf1 Ke7 43. Qh3 Nc5 44. Kc2 Kd7 45. Qh8 Qe6 46. Qh7+ Kc6
47. Qf5 Kb7 48. Qxe6 Nxe6 49. b4 axb4 50. b3 Nc5 51. Nf3 b5 52. cxb5 Kb6 53.
Nd2 Kxb5 54. Nf3 Nb7 55. Nd2 Nd6 56. Nf3 Nf7 57. Kd2 Nh6 58. Nh2 c5 59. Kc2 c4
60. dxc4+ Kb6 61. Kd2 Nf7 62. Nf3 Nd6 63. Kd3 Nb7 64. Nd2 Nc5+ 65. Ke2 Kc6 66.
Kf3 Nd3 67. Ke2 Nc1+ 68. Kd1 Nd3 69. Ke2 Nc5 70. Kf3 Kb7 71. Ke2 Ka6 72. Kf3
Ka5 73. Ke2 Nb7 74. Kd3 Kb6 75. Ke2 Nc5 1/2-1/2

[Event "European Team Championship 2015"]
[Site "Reykjavik ISL"]
[Date "2015.11.22"]
[Round "9"]
[White "Aronian, Levon"]
[Black "Jobava, Baadur"]
[Result "1-0"]
[WhiteElo "2781"]
[BlackElo "2668"]
[PlyCount "77"]
[EventDate "2015.11.13"]
[WhiteTeam "Armenia"]
[BlackTeam "Georgia"]

1. d4 d5 2. c4 c6 3. Nf3 Nf6 4. Nc3 dxc4 5. a4 Bg4 6. Ne5 Bh5 7. f3 Nfd7 8.
Nxc4 e5 9. Be3 Na6 10. g3 f6 11. dxe5 Nxe5 12. Qxd8+ Kxd8 13. Nxe5 fxe5 14. Bh3
Kc7 15. Rc1 b6 16. Bf5 Bf7 17. Kf2 g6 18. Be4 Kb7 19. Rhd1 Nc5 20. Bc2 Rc8 21.
Ne4 Nxe4+ 22. Bxe4 Be6 23. a5 bxa5 24. Bc5 Bf5 25. Bxf5 gxf5 26. Rd3 Rc7 27.
Ra3 Bh6 28. Rc2 Rd8 29. Rxa5 a6 30. Ra3 e4 31. Rb3+ Ka8 32. Rb6 Rd5 33. b4 Bd2
34. Ra2 Rb7 35. Rxc6 Rbd7 36. Raxa6+ Kb7 37. Rab6+ Ka8 38. Rb5 e3+ 39. Kg2 1-0

[Event "European Team Championship 2015"]
[Site "Reykjavik ISL"]
[Date "2015.11.22"]
[Round "9"]
[White "Mchedlishvili, Mikheil"]
[Black "Sargissian, Gabriel"]
[Result "1/2-1/2"]
[WhiteElo "2618"]
[BlackElo "2689"]
[PlyCount "52"]
[EventDate "2015.11.13"]
[WhiteTeam "Georgia"]
[BlackTeam "Armenia"]

1. d4 Nf6 2. c4 e6 3. Nf3 d5 4. Nc3 Be7 5. Bg5 h6 6. Bxf6 Bxf6 7. e3 O-O 8. Qc2
c5 9. dxc5 dxc4 10. Bxc4 Nd7 11. c6 bxc6 12. O-O Rb8 13. Rac1 c5 14. Rfd1 Qe7
15. b3 Bb7 16. Be2 Nb6 17. Nd2 Rfc8 18. Nce4 Be5 19. Nf3 Bc7 20. g3 Nd5 21.
Qxc5 Bd8 22. Qd4 Bb6 23. Qe5 Bc7 24. Qd4 Bb6 25. Qe5 Bc7 26. Qd4 Bb6 1/2-1/2

[Event "European Team Championship 2015"]
[Site "Reykjavik ISL"]
[Date "2015.11.22"]
[Round "9"]
[White "Nisipeanu, Liviu-Dieter"]
[Black "Mamedyarov, Shakhriyar"]
[Result "0-1"]
[WhiteElo "2683"]
[BlackElo "2743"]
[PlyCount "72"]
[EventDate "2015.11.13"]
[WhiteTeam "Germany"]
[BlackTeam "Azerbaijan"]

1. e4 e5 2. Nf3 Nc6 3. Bc4 Bc5 4. O-O Nf6 5. d3 d6 6. c3 O-O 7. Nbd2 a6 8. Bb3
Ba7 9. h3 Re8 10. Re1 Be6 11. Nf1 h6 12. Bc2 d5 13. exd5 Bxd5 14. Ng3 Qd7 15.
b4 Rad8 16. a4 b5 17. axb5 axb5 18. Nh4 Bb6 19. Nhf5 Ne7 20. Nxg7 Kxg7 21. Rxe5
Ng6 22. Bxh6+ Kxh6 23. Nf5+ Kh7 24. Qc1 Kg8 25. Qh6 Nh5 26. Rxe8+ Rxe8 27. Qxh5
Qc6 28. c4 bxc4 29. d4 Be6 30. Ba4 Qa8 31. Nh6+ Kg7 32. d5 Bd7 33. Nxf7 Bxa4
34. Ra3 Bxf2+ 35. Kxf2 Qa7+ 36. Kf1 c3 0-1

[Event "European Team Championship 2015"]
[Site "Reykjavik ISL"]
[Date "2015.11.22"]
[Round "9"]
[White "Radjabov, Teimour"]
[Black "Meier, Georg"]
[Result "1/2-1/2"]
[WhiteElo "2739"]
[BlackElo "2654"]
[PlyCount "57"]
[EventDate "2015.11.13"]
[WhiteTeam "Azerbaijan"]
[BlackTeam "Germany"]

1. d4 Nf6 2. c4 e6 3. Nf3 d5 4. Nc3 Be7 5. Bf4 O-O 6. e3 Nbd7 7. Be2 dxc4 8.
O-O c5 9. dxc5 Nxc5 10. Bxc4 Qxd1 11. Rfxd1 b6 12. Bd6 Bxd6 13. Rxd6 Bb7 14.
Rad1 Bxf3 15. gxf3 Nb7 16. R6d4 Rfd8 17. Nb5 Rxd4 18. Nxd4 Rd8 19. Be2 a5 20.
Rc1 Kf8 21. Kf1 g5 22. a3 h6 23. Ke1 Nd5 24. Rc6 Rd6 25. Rc4 Rd7 26. Rc8+ Rd8
27. Rc6 Rd6 28. Rc8+ Rd8 29. Rc6 1/2-1/2

[Event "European Team Championship 2015"]
[Site "Reykjavik ISL"]
[Date "2015.11.22"]
[Round "9"]
[White "Bologan, Viktor"]
[Black "Ivanchuk, Vassily"]
[Result "1-0"]
[WhiteElo "2630"]
[BlackElo "2720"]
[PlyCount "37"]
[EventDate "2015.11.13"]
[WhiteTeam "Moldova"]
[BlackTeam "Ukraine"]

1. e4 e5 2. Nf3 Nf6 3. Nxe5 d6 4. Nf3 Nxe4 5. Nc3 Nxc3 6. dxc3 Be7 7. Be3 Nc6
8. Qd2 O-O 9. O-O-O Bf5 10. h3 Qd7 11. Bd3 Rae8 12. Rhe1 Bxd3 13. Qxd3 Bf6 14.
Qb5 Qc8 15. g4 a6 16. Qf1 b5 17. Qg2 Qa8 18. g5 Bd8 19. Nd4 1-0

[Event "European Team Championship 2015"]
[Site "Reykjavik ISL"]
[Date "2015.11.22"]
[Round "9"]
[White "Kryvoruchko, Yuriy"]
[Black "Svetushkin, Dmitry"]
[Result "1-0"]
[WhiteElo "2717"]
[BlackElo "2585"]
[PlyCount "83"]
[EventDate "2015.11.13"]
[WhiteTeam "Ukraine"]
[BlackTeam "Moldova"]

1. e4 e5 2. Nf3 Nc6 3. Bb5 a6 4. Ba4 Nf6 5. O-O Be7 6. Re1 b5 7. Bb3 d6 8. c3
O-O 9. h3 Na5 10. Bc2 c5 11. d4 Nd7 12. Nbd2 exd4 13. cxd4 Nc6 14. d5 Nce5 15.
a4 Bb7 16. Qe2 b4 17. Nxe5 Nxe5 18. f4 Nd7 19. a5 Re8 20. Nc4 f5 21. e5 dxe5
22. Bxf5 Nf8 23. Rd1 exf4 24. Be6+ Nxe6 25. Qxe6+ Kh8 26. Ne5 Rf8 27. Nf7+ Rxf7
28. Qxf7 Qf8 29. Qxf4 Bf6 30. Be3 Rd8 31. Rac1 Bxd5 32. Rxc5 Bg8 33. Rxd8 Qxd8
34. Rc6 Bxb2 35. Qxb4 Qe8 36. Qc5 Qe4 37. Rxa6 Qb1+ 38. Kh2 Qa1 39. Bg1 h6 40.
Ra8 Be5+ 41. Kh1 Kh7 42. a6 1-0

[Event "European Team Championship 2015"]
[Site "Reykjavik ISL"]
[Date "2015.11.22"]
[Round "9"]
[White "Iordachescu, Viorel"]
[Black "Korobov, Anton"]
[Result "1/2-1/2"]
[WhiteElo "2581"]
[BlackElo "2709"]
[PlyCount "75"]
[EventDate "2015.11.13"]
[WhiteTeam "Moldova"]
[BlackTeam "Ukraine"]

1. e4 c5 2. Nf3 d6 3. Bb5+ Nd7 4. c3 Ngf6 5. Qe2 a6 6. Ba4 b5 7. Bc2 Bb7 8. O-O
g6 9. d4 Bg7 10. Re1 O-O 11. e5 dxe5 12. dxe5 Ng4 13. e6 Nde5 14. Nxe5 Nxe5 15.
f4 Nc4 16. Nd2 Nxd2 17. exf7+ Rxf7 18. Bxd2 Qb6 19. Be4 Rd8 20. Rad1 Rd6 21.
Bxb7 Qxb7 22. Be3 Rf5 23. Bf2 Bf8 24. g3 Rfd5 25. Rxd5 Qxd5 26. c4 bxc4 27. Rc1
Rb6 28. Qxc4 Qxc4 29. Rxc4 Rxb2 30. a3 e5 31. Bxc5 Bxc5+ 32. Rxc5 exf4 33. gxf4
Rb1+ 34. Kf2 Rb2+ 35. Kg1 Rb1+ 36. Kf2 Rb2+ 37. Kg1 Rb1+ 38. Kf2 1/2-1/2

[Event "European Team Championship 2015"]
[Site "Reykjavik ISL"]
[Date "2015.11.22"]
[Round "9"]
[White "Carlsen, Magnus"]
[Black "Wojtaszek, Radoslaw"]
[Result "1-0"]
[WhiteElo "2850"]
[BlackElo "2748"]
[PlyCount "75"]
[EventDate "2015.11.13"]
[WhiteTeam "Norway"]
[BlackTeam "Poland"]

1. d4 Nf6 2. Bf4 d5 3. e3 c5 4. c3 Nc6 5. Nd2 cxd4 6. exd4 Bf5 7. Qb3 Qc8 8.
Ngf3 e6 9. Nh4 Be4 10. Nxe4 Nxe4 11. Nf3 Bd6 12. Bxd6 Nxd6 13. Bd3 Qc7 14. Qc2
O-O-O 15. O-O h6 16. a4 Kb8 17. Rfe1 Rc8 18. Qd1 Rhe8 19. Bf1 Re7 20. Rc1 Rd8
21. Re2 Ne4 22. b4 Ng5 23. Ne1 e5 24. b5 Na5 25. Rxe5 Rxe5 26. dxe5 Qxe5 27. c4
Ne6 28. Nf3 Qf4 29. cxd5 Rxd5 30. Qxd5 Qxc1 31. g3 Qc5 32. Qd7 Qf8 33. Ne5 Nc5
34. Qd5 Kc7 35. Nxf7 Nxa4 36. Qe5+ Kb6 37. Nd6 Nc5 38. Ne8 1-0

[Event "European Team Championship 2015"]
[Site "Reykjavik ISL"]
[Date "2015.11.22"]
[Round "9"]
[White "Ivanisevic, Ivan"]
[Black "Navara, David"]
[Result "1/2-1/2"]
[WhiteElo "2662"]
[BlackElo "2730"]
[PlyCount "81"]
[EventDate "2015.11.13"]
[WhiteTeam "Serbia"]
[BlackTeam "Czech Republic"]

1. d4 Nf6 2. c4 e6 3. Nc3 Bb4 4. Qc2 O-O 5. Bg5 c5 6. e3 h6 7. Bh4 cxd4 8. exd4
b6 9. Nf3 Bb7 10. Be2 Be7 11. O-O Nc6 12. d5 Nb4 13. Qd2 exd5 14. a3 Na6 15.
Bxf6 Bxf6 16. Nxd5 Nc5 17. Rae1 Re8 18. Bd1 Bxd5 19. cxd5 Qc7 20. g3 a5 21. Nd4
Ne4 22. Qd3 Nd6 23. Bg4 Rxe1 24. Rxe1 Nc4 25. Rc1 Nxb2 26. Qb1 Qe5 27. Qxb2 Qg5
28. Bxd7 Bxd4 29. Qc2 Rd8 30. Bc6 Bc5 31. a4 f5 32. Qc4 Bd6 33. Re1 f4 34. Qd3
Rf8 35. Re8 Rxe8 36. Bxe8 Qe5 37. Bd7 Bc5 38. Kg2 Kf8 39. Qf3 g5 40. Qd3 Qd4
41. Qxd4 1/2-1/2

[Event "European Team Championship 2015"]
[Site "Reykjavik ISL"]
[Date "2015.11.22"]
[Round "9"]
[White "Adams, Michael"]
[Black "Lupulescu, Constantin"]
[Result "1/2-1/2"]
[WhiteElo "2744"]
[BlackElo "2631"]
[PlyCount "153"]
[EventDate "2015.11.13"]
[WhiteTeam "England"]
[BlackTeam "Romania"]

1. e4 e6 2. d4 d5 3. Nd2 c5 4. exd5 Qxd5 5. dxc5 Nf6 6. Ngf3 Qxc5 7. Bd3 Nbd7
8. O-O Qc7 9. a4 Nc5 10. Bc4 Be7 11. a5 O-O 12. Qe2 Bd7 13. Ne5 Be8 14. Re1
Ncd7 15. Ndf3 Nxe5 16. Nxe5 Nd7 17. Bf4 Nxe5 18. Bxe5 Bd6 19. Bd3 Bxe5 20. Qxe5
Qxe5 21. Rxe5 Bc6 22. f4 Rfd8 23. Kf2 Rd4 24. g3 Rad8 25. Ke3 Kf8 26. Rc5 R4d6
27. Ra3 Ke7 28. Rac3 Kd7 29. b4 Rd5 30. b5 Rxc5 31. Rxc5 Bd5 32. b6 axb6 33.
axb6 Bc6 34. Ra5 h6 35. h4 Ke7 36. g4 f6 37. c4 Rh8 38. c5 Rd8 39. Ra7 Kd7 40.
h5 Rb8 41. Ba6 Kd8 42. Be2 Ke7 43. Bd1 Kd7 44. Kd4 e5+ 45. fxe5 Rd8 46. Be2
fxe5+ 47. Ke3 e4 48. Ra1 Ke7 49. Bc4 Rf8 50. Kd4 Rf2 51. Rf1 Rf3 52. Ke5 Rc3
53. Kd4 Rf3 54. Be2 Ra3 55. Rf5 Ra4+ 56. Kc3 Ra3+ 57. Kb4 Ra1 58. Bc4 Rb1+ 59.
Kc3 Rc1+ 60. Kb3 Ke8 61. Kb4 Rb1+ 62. Kc3 Rc1+ 63. Kd4 Rd1+ 64. Ke3 Rc1 65. Bd5
Bxd5 66. Rxd5 Rc4 67. g5 hxg5 68. Rxg5 Kf7 69. Kf4 Kf8 70. Rf5+ Ke7 71. Rg5 Kf7
72. Rd5 Ke7 73. Ke3 Ke8 74. Re5+ Kf7 75. Kf4 Kf8 76. Rd5 Ke7 77. Rg5 1/2-1/2

[Event "1st China Chess King Match 2015"]
[Site "Taizhou CHN"]
[Date "2015.11.24"]
[Round "1"]
[White "Zhao, Jun"]
[Black "Wei, Yi"]
[Result "1/2-1/2"]
[WhiteElo "2623"]
[BlackElo "2737"]
[PlyCount "43"]
[EventDate "2015.11.24"]

1. e4 c5 2. Nf3 Nc6 3. Bb5 g6 4. O-O Bg7 5. c3 Nf6 6. Re1 O-O 7. h3 Qb6 8. Na3
d5 9. e5 Ne8 10. Bf1 Nc7 11. Nc2 d4 12. c4 Ne6 13. d3 Qc7 14. Qe2 b6 15. g3 Bb7
16. Bg2 Rae8 17. Bd2 Qb8 18. Kh2 Qa8 19. Qf1 Qb8 20. Qe2 Qa8 21. Qf1 Qb8 22.
Qe2 1/2-1/2

[Event "1st China Chess King Match 2015"]
[Site "Taizhou CHN"]
[Date "2015.11.24"]
[Round "1"]
[White "Yu, Yangyi"]
[Black "Ni, Hua"]
[Result "1/2-1/2"]
[WhiteElo "2734"]
[BlackElo "2696"]
[PlyCount "71"]
[EventDate "2015.11.24"]

1. Nf3 d5 2. g3 Bg4 3. Bg2 c6 4. c4 e6 5. cxd5 Bxf3 6. Bxf3 cxd5 7. O-O Nf6 8.
d4 Nc6 9. e3 Bd6 10. Nc3 O-O 11. b3 a6 12. Bb2 Qe7 13. a3 Rac8 14. Qb1 Na5 15.
Qa2 Rfd8 16. Rac1 b5 17. Rfd1 Qb7 18. Be2 Rc7 19. Bd3 Rdc8 20. Ne2 Rxc1 21.
Rxc1 Rxc1+ 22. Bxc1 Nc6 23. Qc2 h6 24. Bb2 Qb6 25. Kg2 Qb7 26. f3 Ne7 27. a4
bxa4 28. bxa4 Nc6 29. Bc3 Qb6 30. Qb1 Nd7 31. Qxb6 Nxb6 32. Bxa6 Nxa4 33. Bd2
Bb4 34. Bxb4 Nxb4 35. Bb5 Nb6 36. Nc3 1/2-1/2

[Event "1st China Chess King Match 2015"]
[Site "Taizhou CHN"]
[Date "2015.11.24"]
[Round "1"]
[White "Bu, Xiangzhi"]
[Black "Wang, Yue"]
[Result "1/2-1/2"]
[WhiteElo "2710"]
[BlackElo "2729"]
[PlyCount "53"]
[EventDate "2015.11.24"]

1. d4 Nf6 2. c4 e6 3. Nc3 d5 4. Bg5 Be7 5. Nf3 h6 6. Bxf6 Bxf6 7. Qb3 dxc4 8.
Qxc4 O-O 9. Ne4 Be7 10. Rc1 Qd5 11. Nfd2 Qxc4 12. Nxc4 b6 13. e3 Bb7 14. Ncd2
Rc8 15. Bb5 Na6 16. Bd7 Rd8 17. Bc6 Bxc6 18. Rxc6 Rac8 19. Ke2 Nb4 20. Rc4 Nxa2
21. Ra4 Nb4 22. Rxa7 e5 23. dxe5 Nc6 24. Rb7 Na5 25. Ra7 Nc6 26. Rb7 Na5 27.
Ra7 1/2-1/2

[Event "1st China Chess King Match 2015"]
[Site "Taizhou CHN"]
[Date "2015.11.25"]
[Round "2"]
[White "Wei, Yi"]
[Black "Zhao, Jun"]
[Result "1-0"]
[WhiteElo "2737"]
[BlackElo "2623"]
[PlyCount "91"]
[EventDate "2015.11.24"]

1. e4 e5 2. Nf3 Nc6 3. Bb5 Nf6 4. d3 d6 5. O-O Be7 6. c3 O-O 7. Re1 Bd7 8. Nbd2
h6 9. Nf1 Re8 10. Ng3 Bf8 11. h3 Ne7 12. Bxd7 Qxd7 13. d4 Ng6 14. Qc2 Nh7 15.
Be3 Be7 16. Nf5 Bf6 17. Rad1 Qe6 18. d5 Qd7 19. c4 Ne7 20. Ng3 Bg5 21. c5 b6
22. Nxg5 hxg5 23. cxd6 cxd6 24. Rc1 Rac8 25. Qd2 g4 26. h4 Rxc1 27. Rxc1 Rc8
28. Rxc8+ Qxc8 29. Qb4 Qd7 30. h5 f5 31. exf5 Nf6 32. Bg5 Nxf5 33. Nxf5 Qxf5
34. Bxf6 g3 35. fxg3 Qxf6 36. Qh4 Qxh4 37. gxh4 Kf7 38. Kf2 Kf6 39. g4 Kf7 40.
Kf3 Ke7 41. Ke4 Kf6 42. g5+ Ke7 43. Kf5 Kf7 44. g6+ Kf8 45. Kg5 Kg8 46. b3 1-0

[Event "1st China Chess King Match 2015"]
[Site "Taizhou CHN"]
[Date "2015.11.25"]
[Round "2"]
[White "Ni, Hua"]
[Black "Yu, Yangyi"]
[Result "1/2-1/2"]
[WhiteElo "2696"]
[BlackElo "2734"]
[PlyCount "66"]
[EventDate "2015.11.24"]

1. d4 Nf6 2. c4 e6 3. Nf3 d5 4. Nc3 Bb4 5. Bg5 h6 6. Bxf6 Qxf6 7. Qa4+ Nc6 8.
e3 O-O 9. Be2 Bd7 10. Qb3 dxc4 11. Qxc4 Qg6 12. O-O Bd6 13. Rac1 Na5 14. Qd3
Qxd3 15. Bxd3 Nc6 16. Rfd1 Rfd8 17. a3 Be8 18. Ne4 Ne7 19. h4 Nd5 20. g4 Be7
21. Kf1 Rac8 22. Ke2 Nf6 23. Nxf6+ gxf6 24. b4 a5 25. bxa5 Bxa3 26. Ra1 Bb4 27.
Nd2 c5 28. Ne4 Kg7 29. Nxc5 Bxc5 30. dxc5 Rxc5 31. Be4 Ra8 32. Bxb7 Raxa5 33.
Rxa5 Rxa5 1/2-1/2

[Event "1st China Chess King Match 2015"]
[Site "Taizhou CHN"]
[Date "2015.11.25"]
[Round "2"]
[White "Wang, Yue"]
[Black "Bu, Xiangzhi"]
[Result "0-1"]
[WhiteElo "2729"]
[BlackElo "2710"]
[PlyCount "62"]
[EventDate "2015.11.24"]

1. d4 d5 2. c4 c6 3. Nf3 Nf6 4. Nc3 e6 5. Bg5 dxc4 6. e4 b5 7. e5 h6 8. Bh4 g5
9. Nxg5 hxg5 10. Bxg5 Be7 11. exf6 Bxf6 12. Bxf6 Qxf6 13. g3 Na6 14. a4 Nb4 15.
axb5 cxb5 16. Nxb5 Kf8 17. Qd2 a5 18. Bxc4 Bb7 19. f3 Rc8 20. Qc3 Rxc4 21. Qxc4
Qxf3 22. Kd2 Rh5 23. Rhe1 Rxh2+ 24. Re2 Bd5 25. Qc8+ Kg7 26. Rxh2 Qd3+ 27. Ke1
Qxg3+ 28. Rf2 Nd3+ 29. Ke2 Nxf2 30. Qc3 Qg2 31. Ke1 Ne4 0-1